000 01173nam a2200229Ia 4500
999 _c37436
_d37436
001 3395
003 GE_BSU
005 20190606201645.0
008 181216s1964|||| |||||||||||||| ||geo||
040 _cGE_BSU
041 _ageo
080 _a621.01(075.8) თ–20
100 _aთავხელიძე, დ.
_9914
245 _aმექანიზმებისა და მანქანების თეორია (თეორიული ნაწილი და საკურსო გეგმარება) : სახელმძღვ. /
_cდ. თავხელიძე ; ა. ოსიპოვა ; დ. ქათამაძე ; რედ : პ. ლაბარტყავა.
264 _aთბილისი :
_bცოდნა,
_c1964.
300 _a210 გვ .:
_c27 სმ.
_eნახაზ; ცხრ.
653 _aმექანიზმებისა და მანქანების თეორია
700 _aოსიპოვა, ა
_92223
700 _aქათამაძე, დ
_92201
700 _aლაბარტყავა, პ
_eრედაქტორი
_9523
942 _cBK
_2udc